| 000 | 00413cam a22001217a 4500 | ||
|---|---|---|---|
| 008 | 180718b1993 xxu||||| |||| 00| 0 eng d | ||
| 082 | _aK12x595 M291/1992 | ||
| 100 | _aMalaysia. Department of Prime Minister's | ||
| 245 | _aImprovements and development in the public service for the year 1992 | ||
| 260 |
_aKuala Lumpur _bNational Printing Department _c1993 |
||
| 300 | _a705p. | ||
| 650 | _aCivil Service - Malaysia | ||
| 999 |
_c479042 _d479042 |
||